Govt. of
Madhya Pradesh

The Contribution of Raja Mahendra Pratap and Prof Barkatullah Bhopali (Record no. 42068)

MARC details
000 -LEADER
fixed length control field 005480000a22001810004500
003 - CONTROL NUMBER IDENTIFIER
control field MACL
005 - DATE AND TIME OF LATEST TRANSACTION
control field 20150930161337.0
008 - FIXED-LENGTH DATA ELEMENTS--GENERAL INFORMATION
fixed length control field 150930b xxu||||| |||| 00| 0 eng d
040 ## - CATALOGING SOURCE
Original cataloging agency MACL
Transcribing agency MACL
041 ## - LANGUAGE CODE
Language code of text/sound track or separate title English
082 ## - DEWEY DECIMAL CLASSIFICATION NUMBER
Classification number 900/KHA
100 ## - MAIN ENTRY--PERSONAL NAME
Personal name Khan, M Hassan
9 (RLIN) 12967
245 ## - TITLE STATEMENT
Title The Contribution of Raja Mahendra Pratap and Prof Barkatullah Bhopali
Remainder of title In Freedom Struggle and Its Importance in Contemporary Society
260 ## - PUBLICATION, DISTRIBUTION, ETC. (IMPRINT)
Name of publisher, distributor, etc. Towards Freedom
Date of publication, distribution, etc. 2008
Place of publication, distribution, etc. Kolkata
350 ## - PRICE (NR) (BK AM CF MU VM SE) [OBSOLETE]
Price 850
650 ## - SUBJECT ADDED ENTRY--TOPICAL TERM
Topical term or geographic name as entry element History
9 (RLIN) 12968
942 ## - ADDED ENTRY ELEMENTS (KOHA)
Koha item type Books
Call number prefix 900/KHA
Source of classification or shelving scheme
Holdings
Withdrawn status Lost status Source of classification or shelving scheme Damaged status Not for loan Home library Current library Date acquired Cost, normal purchase price Total Checkouts Full call number Barcode Date last seen Uniform Resource Identifier Price effective from Koha item type
          MACL MACL 15/04/2015 850.00   900/KHA CRE024677 02/05/2024 42338 15/04/2015 Books